ELEMENTS OF POWER SYSTEM ANALYSIS/ (Record no. 1952)

MARC details
000 -LEADER
Fixed length control field 00472nam a2200181 4500
003 - CONTROL NUMBER IDENTIFIER
Control field SEACOMEC
005 - DATE AND TIME OF LATEST TRANSACTION
Control field 20250307132046.0
008 - FIXED-LENGTH DATA ELEMENTS--GENERAL INFORMATION
Fixed length control field 250121b |||||||| |||| 00| 0 eng d
020 ## - INTERNATIONAL STANDARD BOOK NUMBER / ISBN
International Standard Book Number 0070612781
Price 267.00
040 ## - CATALOGING SOURCE
Original cataloging agency SEACOMEC
082 ## - DEWEY DECIMAL CLASSIFICATION NUMBER
Classification number 621.3191
Book Number S848
100 ## - MAIN ENTRY--PERSONAL NAME
Personal name Stevenson, D. William
245 ## - TITLE STATEMENT
Title ELEMENTS OF POWER SYSTEM ANALYSIS/
Statement of responsibility D. William Stevenson
250 ## - EDITION STATEMENT
Edition statement 4th ed
260 ## - IMPRINT
Place of publication New Delhi
Name of publisher McGraw Hill
Date of publication 1982
300 ## - PHYSICAL DESCRIPTION
Page / Vol. No 436 p
942 ## - ADDED ENTRY ELEMENTS (KOHA)
Koha item type Books
Holdings
Withdrawn status Lost status Source of classification Damaged status Not for loan Home library Current library Date acquired Total Checkouts Call number Accession number Date last seen Price effective from Koha item type Copy number
    Dewey Decimal Classification     SEACOM ENGINEERING COLLEGE SEACOM ENGINEERING COLLEGE 26/07/2008   621.3191 S848 12186 21/01/2025 21/01/2025 Books  
    Dewey Decimal Classification     SEACOM ENGINEERING COLLEGE SEACOM ENGINEERING COLLEGE 26/07/2008   621.3191 S848 12187 21/01/2025 21/01/2025 Books 1
    Dewey Decimal Classification     SEACOM ENGINEERING COLLEGE SEACOM ENGINEERING COLLEGE 03/03/2009   621.3191 S848 14081 07/03/2025 07/03/2025 Books 2
    Dewey Decimal Classification     SEACOM ENGINEERING COLLEGE SEACOM ENGINEERING COLLEGE 03/03/2009   621.3191 S848 14082 07/03/2025 07/03/2025 Books 3
    Dewey Decimal Classification     SEACOM ENGINEERING COLLEGE SEACOM ENGINEERING COLLEGE 03/03/2009   621.3191 S848 14083 07/03/2025 07/03/2025 Books 4
    Dewey Decimal Classification     SEACOM ENGINEERING COLLEGE SEACOM ENGINEERING COLLEGE 03/03/2009   621.3191 S848 14084 07/03/2025 07/03/2025 Books 5
    Dewey Decimal Classification     SEACOM ENGINEERING COLLEGE SEACOM ENGINEERING COLLEGE 03/03/2009   621.3191 S848 14085 07/03/2025 07/03/2025 Books 6
© Seacom Engineering College, All rights reserved.      Powered by Koha